[Event "Asia-ch U20"]
[Site "Chennai"]
[Date "2008.12.11"]
[Round "6"]
[White "Pranav, Shetty"]
[Black "Sangama, Rahul"]
[Result "0-1"]
[WhiteElo "2105"]
[BlackElo "2365"]
[PlyCount "48"]
[EventDate "2008.12.05"]
[EventType "swiss"]
[EventRounds "9"]
[EventCountry "IND"]
[SourceTitle "CBM 127 Extra"]
[Source "ChessBase"]
[SourceDate "2009.01.08"]
[SourceVersion "2"]
[SourceVersionDate "2009.01.28"]
[SourceQuality "1"]

1. e4 e5 2. Nf3 Nc6 3. Bc4 Bc5 4. c3 Nf6 5. b4 Bb6 6. d3 0-0 7. 0-0 d6 8. a4 a5 9. b5 Nb8 10. Nbd2 Be6 11. Re1 Nbd7 12. Ba2 d5 13. exd5 Nxd5 14. Ne4 h6 15. Ba3 Re8 16. d4 exd4 17. Nxd4 N7f6 18. Nxe6 Rxe6 19. Nc5 Rxe1+ 20. Qxe1 Qd6 21. Ne4 Qf4 22. g3 Qf3 23. Nxf6+ Nxf6 24. Rd1 Re8 0-1

[Event "Asia-ch U20"]
[Site "Chennai"]
[Date "2008.12.09"]
[Round "4"]
[White "Sangama, Rahul"]
[Black "Priyadharshan, Kannappan"]
[Result "1-0"]
[WhiteElo "2365"]
[BlackElo "2245"]
[PlyCount "81"]
[EventDate "2008.12.05"]
[EventType "swiss"]
[EventRounds "9"]
[EventCountry "IND"]
[SourceTitle "CBM 127 Extra"]
[Source "ChessBase"]
[SourceDate "2009.01.08"]
[SourceVersion "2"]
[SourceVersionDate "2009.01.28"]
[SourceQuality "1"]

1. c4 c5 2. g3 Nf6 3. Bg2 Nc6 4. Nc3 e6 5. e4 d6 6. Nge2 Be7 7. 0-0 a6 8. d4 cxd4 9. Nxd4 Qc7 10. b3 Bd7 11. Be3 Rc8 12. Rc1 Nxd4 13. Bxd4 Qb8 14. Qe2 e5 15. Be3 b5 16. cxb5 axb5 17. Bg5 b4 18. Bxf6 Rxc3 19. Bxg7 Rg8 20. Bh6 Bb5 21. Qd2 Bxf1 22. Bxf1 Rg6 23. a4 Bd8 24. Bb5+ Ke7 25. Bc4 Qb7 26. Bd5 Qc8 27. Bg5+ Kf8 28. Bh6+ Ke7 29. Bg5+ Ke8 30. Be3 Rxc1+ 31. Qxc1 Qxc1+ 32. Bxc1 Bb6 33. Bd2 Bc5 34. a5 Rf6 35. Be3 Rf3 36. Bxc5 dxc5 37. a6 Rc3 38. a7 Rc1+ 39. Kg2 Ra1 40. Bc6+ Ke7 41. Ba4 1-0

[Event "Asia-ch U20"]
[Site "Chennai"]
[Date "2008.12.07"]
[Round "2"]
[White "Mehar, Chinna Reddy CH"]
[Black "Sangama, Rahul"]
[Result "1/2-1/2"]
[WhiteElo "2222"]
[BlackElo "2365"]
[PlyCount "98"]
[EventDate "2008.12.05"]
[EventType "swiss"]
[EventRounds "9"]
[EventCountry "IND"]
[SourceTitle "CBM 127 Extra"]
[Source "ChessBase"]
[SourceDate "2009.01.08"]
[SourceVersion "2"]
[SourceVersionDate "2009.01.28"]
[SourceQuality "1"]

1. e4 e5 2. Nf3 Nc6 3. Bb5 a6 4. Ba4 Nf6 5. 0-0 Be7 6. Re1 b5 7. Bb3 d6 8. c3 0-0 9. h3 Nb8 10. d4 Nbd7 11. Nbd2 Bb7 12. Bc2 Re8 13. Nf1 Bf8 14. Ng3 g6 15. a4 c5 16. d5 c4 17. Bg5 h6 18. Be3 Nc5 19. Qd2 h5 20. Bxc5 dxc5 21. Bd1 Rb8 22. Qe3 Bc8 23. Be2 bxa4 24. Nd2 Kh7 25. Nxc4 Bh6 26. Qf3 Bd7 27. Nf1 Kg7 28. Nfe3 Nh7 29. Nd6 Rf8 30. Nec4 Qe7 31. Bd1 Rfd8 32. Qxf7+ Qxf7 33. Nxf7 Kxf7 34. Nxe5+ Kg7 35. Nxd7 Rxd7 36. Bxa4 Rdb7 37. e5 Bd2 38. Re2 Rxb2 39. e6 Bxc3 40. Rxb2 Rxb2 41. e7 Nf6 42. d6 Rd2 43. Rd1 Rxd1+ 44. Bxd1 Kf7 45. Bb3+ Ke8 46. Ba4+ Nd7 47. Bc2 Nf6 48. Ba4+ Nd7 49. Bc2 Nf6 1/2-1/2

[Event "Asia-ch U20"]
[Site "New Delhi"]
[Date "2006.11.08"]
[Round "2.9"]
[White "Sangama, Rahul"]
[Black "Swayams, Mishra"]
[Result "1-0"]
[WhiteElo "2301"]
[BlackElo "2150"]
[PlyCount "70"]
[EventDate "2006.11.07"]
[EventType "swiss"]
[EventRounds "9"]
[EventCountry "IND"]
[SourceTitle "CBM 115 Extra"]
[Source "ChessBase"]
[SourceDate "2007.01.10"]
[SourceVersion "1"]
[SourceVersionDate "2007.01.10"]
[SourceQuality "1"]

1. c4 Nf6 2. g3 e6 3. Nf3 a6 4. Bg2 b5 5. Nd4 Ra7 6. cxb5 Bc5 7. Nb3 Bb6 8. Nc3 0-0 9. d4 Qe7 10. a4 axb5 11. Nxb5 Ra6 12. 0-0 c6 13. Nc3 d6 14. e4 Nbd7 15. h3 Bb7 16. Re1 e5 17. Be3 Bc7 18. Qc2 Rb8 19. Nc1 Ba5 20. N1a2 Ba8 21. Rab1 exd4 22. Bxd4 c5 23. Be3 Nb6 24. b4 cxb4 25. Nxb4 Bxb4 26. Rxb4 Qc7 27. Reb1 Nbd7 28. Rxb8+ Nxb8 29. Qb3 Nc6 30. Nb5 Qd8 31. Bf4 Ne8 32. Qd1 Ne7 33. Bf1 Rc6 34. Na7 Rc7 35. Be3 Rb7 1-0